[Event "Chess.com Classic Play In"]
[Site "Chess.com INT"]
[Date "2025.05.19"]
[Round "2"]
[White "Maiorov, Nikita"]
[Black "Anton Guijarro, David"]
[Result "0-1"]
[WhiteElo "2472"]
[BlackElo "2642"]
[PlyCount "100"]
[EventDate "2025.05.19"]
[EventType "swiss (blitz)"]
[EventRounds "9"]
[EventCountry "USA"]
[SourceTitle "CB21_2025"]
[SourceDate "2025.05.21"]
[SourceVersion "1"]
[SourceVersionDate "2025.05.21"]
[SourceQuality "1"]

1. e4 c6 2. d4 d5 3. exd5 cxd5 4. Bd3 Nc6 5. c3 e6 6. Nf3 Bd6 7. 0-0 Nge7 8. h3 0-0 9. Re1 Ng6 10. Bc2 f6 11. Nbd2 Kh8 12. Nf1 Bd7 13. a4 Rc8 14. Ne3 Bb8 15. Bxg6 hxg6 16. Nh4 Ne7 17. Nxg6+ Nxg6 18. Qh5+ Kg8 19. Qxg6 f5 20. Nf1 Rf6 21. Qg5 f4 22. Nh2 Rf5 23. Qxd8+ Rxd8 24. Nf3 g5 25. Ne5 Bxe5 26. Rxe5 Rxe5 27. dxe5 Rc8 28. f3 Rf8 29. Bd2 Rf5 30. Re1 Bxa4 31. Kf2 Kg7 32. g3 fxg3+ 33. Kxg3 Bc6 34. Be3 d4 35. Bxd4 Rxf3+ 36. Kg4 Kg6 37. Bxa7 Rf4+ 38. Kg3 Rf3+ 39. Kg4 Rf4+ 40. Kg3 Kf5 41. Bd4 Rf3+ 42. Kh2 Kf4 43. Re2 Rd3 44. Rf2+ Bf3 45. Rf1 Rd2+ 46. Rf2 Rd1 47. Rxf3+ Kxf3 48. b4 Rd2+ 49. Kg1 Kg3 50. Be3 Rd1# 0-1

[Event "Titled Tuesday intern op 06th May Early"]
[Site "Chess.com INT"]
[Date "2025.05.06"]
[Round "2"]
[White "Maiorov, Nikita"]
[Black "Almedina Ortiz, Edgardo J"]
[Result "1-0"]
[WhiteElo "2472"]
[BlackElo "2211"]
[PlyCount "89"]
[EventDate "2025.05.06"]
[EventType "swiss (blitz)"]
[EventRounds "11"]
[EventCountry "USA"]
[SourceTitle "CB20_2025"]
[SourceDate "2025.05.14"]
[SourceVersion "1"]
[SourceVersionDate "2025.05.14"]
[SourceQuality "1"]

1. d4 Nf6 2. c4 e6 3. Nc3 Bb4 4. Qc2 c5 5. dxc5 Bxc5 6. Nf3 Qb6 7. e3 Qc7 8. a3 b6 9. b4 Be7 10. Be2 Bb7 11. 0-0 0-0 12. Nd4 a6 13. e4 d6 14. Be3 Nbd7 15. Rac1 Rac8 16. Qb1 Qb8 17. f3 Rfe8 18. Rfd1 Bd8 19. Kh1 Bc7 20. Bg1 Ne5 21. Nb3 Ng6 22. Bf1 h5 23. a4 h4 24. a5 bxa5 25. Nxa5 Ba8 26. Rc2 h3 27. gxh3 Nh4 28. Be2 d5 29. Bf2 Ng6 30. exd5 exd5 31. cxd5 Bxh2 32. Bxa6 Rxc3 33. Rxc3 Nxd5 34. Nc6 Nxc3 35. Nxb8 Nxb1 36. Kxh2 Rxb8 37. Rxb1 Bxf3 38. Bg3 Rb6 39. b5 Be4 40. Rb2 Ne7 41. Bc7 Rh6 42. b6 Bf5 43. b7 Rxh3+ 44. Kg2 Nc6 45. Bb5 1-0

[Event "Noisiel op 9th"]
[Site "Noisiel"]
[Date "2024.04.09"]
[Round "6"]
[White "Maiorov, Nikita"]
[Black "Muthaiah, Al"]
[Result "1/2-1/2"]
[WhiteElo "2464"]
[BlackElo "2472"]
[PlyCount "45"]
[EventDate "2024.04.06"]
[EventType "swiss"]
[EventRounds "9"]
[EventCountry "FRA"]
[SourceTitle "CBM 219 Extra"]
[Source "ChessBase"]
[SourceDate "2024.05.31"]
[SourceVersion "1"]
[SourceVersionDate "2024.05.31"]
[SourceQuality "1"]

1. d4 d5 2. c4 c6 3. cxd5 cxd5 4. Nf3 Nc6 5. Nc3 Nf6 6. Bf4 a6 7. Rc1 Bf5 8. e3 Rc8 9. Be2 e6 10. 0-0 Bd6 11. Bxd6 Qxd6 12. Na4 0-0 13. Nc5 Rc7 14. Qb3 Qe7 15. Rc3 Bg4 16. Qc2 Bxf3 17. Bxf3 Rfc8 18. Qa4 e5 19. Nxb7 exd4 20. exd4 Nxd4 21. Qxd4 Rxc3 22. bxc3 Qxb7 23. Rd1 1/2-1/2

[Event "Noisiel op 9th"]
[Site "Noisiel"]
[Date "2024.04.07"]
[Round "3"]
[White "Honkoop, Gilian"]
[Black "Maiorov, Nikita"]
[Result "1/2-1/2"]
[WhiteElo "2206"]
[BlackElo "2464"]
[PlyCount "48"]
[EventDate "2024.04.06"]
[EventType "swiss"]
[EventRounds "9"]
[EventCountry "FRA"]
[SourceTitle "CBM 219 Extra"]
[Source "ChessBase"]
[SourceDate "2024.05.31"]
[SourceVersion "1"]
[SourceVersionDate "2024.05.31"]
[SourceQuality "1"]

1. d4 Nf6 2. c4 e6 3. Nf3 d5 4. g3 Be7 5. Bg2 0-0 6. 0-0 c6 7. Qc2 Nbd7 8. Nbd2 b6 9. e4 Bb7 10. e5 Ne8 11. cxd5 cxd5 12. Re1 Nc7 13. Nf1 Na6 14. a3 Rc8 15. Qa4 Nab8 16. h4 Re8 17. Bg5 h6 18. Bxe7 Rxe7 19. Ne3 Ba6 20. Bf1 Bxf1 21. Rxf1 Nf8 22. Rfc1 Rec7 23. Qd1 Qd7 24. Rxc7 Rxc7 1/2-1/2

[Event "Viljandi Raud Memorial 57th"]
[Site "Viljandi"]
[Date "2023.07.04"]
[Round "4"]
[White "Miezis, Normunds"]
[Black "Maiorov, Nikita"]
[Result "0-1"]
[WhiteElo "2420"]
[BlackElo "2464"]
[PlyCount "74"]
[EventDate "2023.07.02"]
[EventType "swiss"]
[EventRounds "9"]
[EventCountry "EST"]
[SourceTitle "CBM 215 Extra"]
[Source "ChessBase"]
[SourceDate "2023.09.30"]
[SourceVersion "1"]
[SourceVersionDate "2023.09.30"]
[SourceQuality "1"]

1. c4 e6 2. e4 d5 3. exd5 exd5 4. d4 Bb4+ 5. Nc3 Ne7 6. Bd3 dxc4 7. Bxc4 0-0 8. Bg5 h6 9. Bh4 Qe8 10. Kf1 Nf5 11. Bg3 Be6 12. d5 Nxg3+ 13. hxg3 Bf5 14. Nf3 Nd7 15. Qd4 Nf6 16. Rh4 Qc8 17. Re1 Bd6 18. Bd3 Qd7 19. Bxf5 Qxf5 20. Ne4 Nxe4 21. Rhxe4 Rfd8 22. g4 Qd7 23. Ne5 Qb5+ 24. Nc4 Bf8 25. Re5 Qa4 26. Qe4 Qxa2 27. g3 b5 28. Ne3 Qxb2 29. g5 hxg5 30. Ng4 a5 31. Rxg5 Ra6 32. Kg2 Qb4 33. Qf5 Qxe1 34. Ne5 f6 35. Nf3 Qe8 36. Rg4 Qd7 37. Qg6 f5 0-1

[Event "Viljandi Valgmae Memorial"]
[Site "Viljandi"]
[Date "2023.07.01"]
[Round "6"]
[White "Laurusas, Tomas"]
[Black "Maiorov, Nikita"]
[Result "1-0"]
[WhiteElo "2566"]
[BlackElo "2464"]
[PlyCount "153"]
[EventDate "2023.07.01"]
[EventType "swiss (rapid)"]
[EventRounds "9"]
[EventCountry "EST"]
[SourceTitle "CBM 215 Extra"]
[Source "ChessBase"]
[SourceDate "2023.09.30"]
[SourceVersion "1"]
[SourceVersionDate "2023.09.30"]
[SourceQuality "1"]

1. d4 Nf6 2. Nf3 e6 3. g3 d5 4. Bg2 Be7 5. 0-0 0-0 6. c4 c6 7. Nc3 b6 8. Nd2 Ba6 9. b3 Nbd7 10. Bb2 b5 11. c5 b4 12. Na4 Bb5 13. Re1 Qc7 14. a3 a5 15. Qc2 Rab8 16. f4 Rfd8 17. Ra2 Qb7 18. Raa1 Ng4 19. e4 dxe4 20. Nxe4 Bxa4 21. bxa4 b3 22. Qe2 Ngf6 23. Nd2 Nd5 24. Nc4 N7f6 25. Rad1 Qc7 26. Rd3 Rb7 27. Qd2 Ra8 28. Rb1 Nd7 29. Qd1 Bf6 30. Be4 Rab8 31. Nd6 Ra7 32. Ba1 g6 33. Rdxb3 Rxb3 34. Rxb3 Be7 35. Nc4 N7f6 36. Bf3 h5 37. Qe1 Rb7 38. Qb1 Rxb3 39. Qxb3 h4 40. Bb2 Bf8 41. Kg2 Bh6 42. Bc1 Bg7 43. Bd2 Nd7 44. Ne5 Nxe5 45. fxe5 Kh7 46. gxh4 Qe7 47. h5 Qh4 48. hxg6+ fxg6 49. Bxd5 Qg4+ 50. Qg3 Qe2+ 51. Qf2 Qg4+ 52. Kf1 exd5 53. Bxa5 Qd1+ 54. Be1 Qd3+ 55. Kg2 Qe4+ 56. Kf1 Qd3+ 57. Qe2 Qxd4 58. e6 Qf6+ 59. Kg2 Bf8 60. Bf2 Be7 61. a5 Qg5+ 62. Bg3 Bxc5 63. a6 Qe7 64. h4 Ba7 65. a4 c5 66. h5 c4 67. hxg6+ Kxg6 68. Qg4+ Kh7 69. Qh5+ Kg8 70. Qg6+ Qg7 71. Qe8+ Qf8 72. Qd7 Bc5 73. a7 c3 74. Qf7+ Qxf7 75. exf7+ Kxf7 76. a8Q c2 77. Qxd5+ 1-0

[Event "Titled Tuesday intern op 16th Aug Early"]
[Site "Chess.com INT"]
[Date "2022.08.16"]
[Round "5"]
[White "Begunov, Konstantin"]
[Black "Maiorov, Nikita"]
[Result "1-0"]
[WhiteElo "2325"]
[BlackElo "2464"]
[PlyCount "83"]
[EventDate "2022.08.16"]
[EventType "swiss (blitz)"]
[EventRounds "11"]
[EventCountry "USA"]
[SourceTitle "EXT 2023"]
[Source "ChessBase"]
[SourceDate "2022.10.05"]
[SourceVersion "1"]
[SourceVersionDate "2022.10.05"]
[SourceQuality "1"]

1. d4 Nf6 2. c4 e6 3. Nf3 d5 4. Nc3 Be7 5. cxd5 exd5 6. Bg5 0-0 7. Qc2 c6 8. e3 Nbd7 9. Bd3 Re8 10. 0-0 Nf8 11. Rab1 h6 12. Bh4 Ne4 13. Bxe4 Bxh4 14. Bf5 Bf6 15. b4 a6 16. a4 Bxf5 17. Qxf5 Rc8 18. b5 g6 19. Qd3 a5 20. bxc6 bxc6 21. Rb7 Re7 22. Rfb1 Ne6 23. Qa6 Rxb7 24. Qxb7 Bg7 25. g3 Bf8 26. Rb6 Bb4 27. Rxc6 Rb8 28. Qa6 Qf6 29. Kg2 Bxc3 30. Rc8+ Rxc8 31. Qxc8+ Kg7 32. Qxc3 Qf5 33. Nd2 Ng5 34. Qxa5 Qd3 35. h4 Ne6 36. Qb4 g5 37. hxg5 Nxg5 38. a5 Qf5 39. a6 Qh3+ 40. Kg1 Qf5 41. a7 Nh3+ 42. Kg2 1-0

[Event "Titled Tuesday intern op 16th Aug Early"]
[Site "Chess.com INT"]
[Date "2022.08.16"]
[Round "10"]
[White "Kosteniuk, Alexandra"]
[Black "Maiorov, Nikita"]
[Result "0-1"]
[WhiteElo "2521"]
[BlackElo "2464"]
[PlyCount "140"]
[EventDate "2022.08.16"]
[EventType "swiss (blitz)"]
[EventRounds "11"]
[EventCountry "USA"]
[SourceTitle "EXT 2023"]
[Source "ChessBase"]
[SourceDate "2022.10.05"]
[SourceVersion "1"]
[SourceVersionDate "2022.10.05"]
[SourceQuality "1"]

1. e4 e5 2. Nf3 Nc6 3. Bc4 Bc5 4. c3 Nf6 5. d4 exd4 6. b4 Be7 7. e5 Ne4 8. b5 Na5 9. Bd5 Nxc3 10. Nxc3 dxc3 11. Qa4 c6 12. Be4 0-0 13. 0-0 d5 14. exd6 Bf6 15. Rd1 c2 16. Qxc2 Bxa1 17. Bxh7+ Kh8 18. Bg5 Bf6 19. h4 Bg4 20. Be4 Bxf3 21. Bxf3 Bxg5 22. hxg5 Qxg5 23. Rd4 Kg8 24. Qc3 Qf6 25. Qd2 cxb5 26. d7 Nc4 27. Qd1 Rad8 28. Bxb7 Ne5 29. g3 Qf5 30. Be4 Qf6 31. Rd5 Nxd7 32. Rxd7 Rxd7 33. Qxd7 g6 34. Qxa7 Qe5 35. Qb7 Rd8 36. Kg2 Rd4 37. Bf3 Kg7 38. Qb6 Rd2 39. a3 Qd4 40. Qxd4+ Rxd4 41. Bc6 Ra4 42. Bxb5 Rxa3 43. Bc6 Kf6 44. Bd5 Ke7 45. Be4 Ke6 46. Bc6 Ke5 47. Be8 Ke6 48. Bc6 g5 49. g4 f6 50. Be4 Ke5 51. Bf5 Kf4 52. Be6 Ra4 53. Bd7 Rd4 54. Be6 Rd2 55. Bc8 Rd8 56. Bf5 Rh8 57. Be6 Rh4 58. f3 Rh8 59. Bd5 Rd8 60. Be4 Rd2+ 61. Kh3 Ke3 62. Kg3 Rf2 63. Bd5 Rf1 64. Kg2 Rf2+ 65. Kg3 Rd2 66. Be4 Rb2 67. Bd5 Rb1 68. Kg2 Kf4 69. Kf2 Rb2+ 70. Ke1 Ke3 0-1

[Event "Titled Tuesday intern op 16th Aug Early"]
[Site "Chess.com INT"]
[Date "2022.08.16"]
[Round "6"]
[White "Maiorov, Nikita"]
[Black "Ansh, M Shah"]
[Result "1-0"]
[WhiteElo "2464"]
[BlackElo "2177"]
[PlyCount "91"]
[EventDate "2022.08.16"]
[EventType "swiss (blitz)"]
[EventRounds "11"]
[EventCountry "USA"]
[SourceTitle "EXT 2023"]
[Source "ChessBase"]
[SourceDate "2022.10.05"]
[SourceVersion "1"]
[SourceVersionDate "2022.10.05"]
[SourceQuality "1"]

1. d4 Nf6 2. c4 e6 3. Nf3 d5 4. Nc3 Be7 5. Bf4 0-0 6. e3 c6 7. c5 Nbd7 8. h3 b6 9. b4 a5 10. a3 Ba6 11. Bxa6 Rxa6 12. 0-0 Ne4 13. Nxe4 dxe4 14. Nd2 Nf6 15. Qc2 Qa8 16. Rab1 axb4 17. axb4 Ra2 18. Rb2 Rxb2 19. Qxb2 Nd5 20. Bh2 f5 21. Ra1 Qb7 22. Nc4 bxc5 23. bxc5 Ra8 24. Rxa8+ Qxa8 25. Be5 h6 26. Nd6 Bf6 27. Bg3 h5 28. h4 Kh7 29. Kh2 Qd8 30. Qb7 Bxh4 31. Be5 Bf6 32. Qf7 Bxe5+ 33. dxe5 Qe7 34. Qxh5+ Kg8 35. g3 Nc3 36. Kg2 Na4 37. Qe2 Nxc5 38. Qc4 Nd7 39. Nxf5 Qf7 40. Nd4 Nxe5 41. Qxe6 Qxe6 42. Nxe6 Nd7 43. g4 Nf6 44. Kg3 Kf7 45. Nc5 Ke7 46. g5 1-0

[Event "Titled Tuesday intern op 16th Aug Early"]
[Site "Chess.com INT"]
[Date "2022.08.16"]
[Round "8"]
[White "Maiorov, Nikita"]
[Black "Horak, Martin"]
[Result "1-0"]
[WhiteElo "2464"]
[BlackElo "2238"]
[PlyCount "67"]
[EventDate "2022.08.16"]
[EventType "swiss (blitz)"]
[EventRounds "11"]
[EventCountry "USA"]
[SourceTitle "EXT 2023"]
[Source "ChessBase"]
[SourceDate "2022.10.05"]
[SourceVersion "1"]
[SourceVersionDate "2022.10.05"]
[SourceQuality "1"]

1. d4 Nf6 2. c4 c5 3. d5 b5 4. cxb5 a6 5. bxa6 g6 6. Nc3 Bg7 7. g3 0-0 8. Bg2 d6 9. Nf3 Bxa6 10. 0-0 Nbd7 11. Qc2 Nb6 12. Rd1 Ne8 13. e4 Nc7 14. b3 Nb5 15. Bb2 Nxc3 16. Bxc3 Nd7 17. Bxg7 Kxg7 18. Qc3+ Kg8 19. Rd2 f6 20. h4 Ne5 21. Nxe5 fxe5 22. a3 Qb6 23. Bh3 Bc8 24. Bxc8 Rfxc8 25. Kg2 Rcb8 26. Rb2 Qa5 27. Qe3 Qd8 28. h5 Kg7 29. hxg6 hxg6 30. Rh1 Rxa3 31. Qh6+ Kf6 32. Qh4+ Kg7 33. Qh7+ Kf6 34. g4 1-0

[Event "Titled Tuesday intern op 09th Aug Early"]
[Site "Chess.com INT"]
[Date "2022.08.09"]
[Round "8"]
[White "Averjanov, Alexey"]
[Black "Maiorov, Nikita"]
[Result "0-1"]
[WhiteElo "2399"]
[BlackElo "2464"]
[PlyCount "56"]
[EventDate "2022.08.09"]
[EventType "swiss (blitz)"]
[EventRounds "11"]
[EventCountry "USA"]
[SourceTitle "EXT 2023"]
[Source "ChessBase"]
[SourceDate "2022.10.05"]
[SourceVersion "1"]
[SourceVersionDate "2022.10.05"]
[SourceQuality "1"]

1. d4 Nf6 2. c4 e6 3. Nf3 d5 4. e3 b6 5. Nbd2 Bb7 6. Bd3 Bd6 7. 0-0 0-0 8. Qe2 Ne4 9. b3 Nd7 10. Bb2 f5 11. cxd5 exd5 12. Ne5 Qe7 13. f4 Ndf6 14. Ndf3 Kh8 15. Rac1 a5 16. a4 Rac8 17. Rc2 c6 18. Rfc1 Bb4 19. Ba6 Bxa6 20. Qxa6 c5 21. Qxb6 Ng4 22. Re2 cxd4 23. Rxc8 Rxc8 24. Nxg4 d3 25. Qh6 dxe2 26. Nge5 Rc1+ 27. Bxc1 gxh6 28. Bb2 Bc3 0-1

[Event "Titled Tuesday intern op 09th Aug Early"]
[Site "Chess.com INT"]
[Date "2022.08.09"]
[Round "4"]
[White "Maiorov, Nikita"]
[Black "Federzoni, Enzo"]
[Result "1-0"]
[WhiteElo "2464"]
[BlackElo "2158"]
[PlyCount "153"]
[EventDate "2022.08.09"]
[EventType "swiss (blitz)"]
[EventRounds "11"]
[EventCountry "USA"]
[SourceTitle "EXT 2023"]
[Source "ChessBase"]
[SourceDate "2022.10.05"]
[SourceVersion "1"]
[SourceVersionDate "2022.10.05"]
[SourceQuality "1"]

1. d4 Nf6 2. c4 e6 3. Nf3 Bb4+ 4. Bd2 a5 5. g3 0-0 6. Bg2 d6 7. 0-0 Qe7 8. Bc1 a4 9. a3 Ba5 10. Qxa4 Bd7 11. Qc2 b5 12. Nbd2 c5 13. dxc5 dxc5 14. Ne5 Ra7 15. Nxd7 Qxd7 16. cxb5 Qxb5 17. Nc4 Nc6 18. e3 Nd5 19. Nd6 Qb6 20. Ne4 Rc8 21. Rb1 Rac7 22. Qxc5 Qa6 23. a4 Ncb4 24. Qb5 Qa8 25. Nd6 Rc5 26. Qe2 R8c6 27. Nb5 Rc2 28. Qd1 Bb6 29. Nc3 R2xc3 30. bxc3 Nxc3 31. Qb3 Nxb1 32. Qxb4 Nc3 33. Qxb6 Rxb6 34. Bxa8 Ra6 35. Bf3 Rxa4 36. Bd2 Rc4 37. Rc1 Ne2+ 38. Bxe2 Rxc1+ 39. Bxc1 f6 40. Bd2 Kf7 41. Be1 Kg6 42. Kf1 Kf5 43. Bf3 Ke5 44. h3 Kd6 45. g4 Ke7 46. Ke2 Kf7 47. Bd2 Ke7 48. Be1 Kd6 49. Bg2 Ke5 50. Bh1 Kd6 51. Bg2 Ke7 52. f4 h5 53. Kd3 hxg4 54. hxg4 Kf7 55. Bb4 Kg6 56. Be4+ Kh6 57. Be7 f5 58. g5+ Kg6 59. Bc6 Kf7 60. Bd6 Kg6 61. Be8+ Kh7 62. Bf7 Kh8 63. Bxe6 g6 64. Kd4 Kh7 65. Kd5 Kg7 66. Kc6 Kh7 67. Kd7 Kg7 68. Ke8 Kh7 69. Bd5 Kg7 70. Bc5 Kh7 71. e4 Kg7 72. e5 Kh7 73. e6 Kg7 74. e7 Kh7 75. Kd7 Kg7 76. e8Q Kh7 77. Qg8# 1-0

[Event "Titled Tuesday intern op 09th Aug Early"]
[Site "Chess.com INT"]
[Date "2022.08.09"]
[Round "6"]
[White "Maiorov, Nikita"]
[Black "Rustemov, Alexander"]
[Result "1-0"]
[WhiteElo "2464"]
[BlackElo "2525"]
[PlyCount "155"]
[EventDate "2022.08.09"]
[EventType "swiss (blitz)"]
[EventRounds "11"]
[EventCountry "USA"]
[SourceTitle "EXT 2023"]
[Source "ChessBase"]
[SourceDate "2022.10.05"]
[SourceVersion "1"]
[SourceVersionDate "2022.10.05"]
[SourceQuality "1"]

1. d4 d5 2. c4 c6 3. Nc3 dxc4 4. e3 Be6 5. Nf3 Nf6 6. Be2 g6 7. 0-0 Bg7 8. Ng5 Qd7 9. Nxe6 Qxe6 10. a4 0-0 11. Qc2 Nbd7 12. e4 b5 13. axb5 cxb5 14. e5 Nd5 15. Nxb5 N7b6 16. Nc3 Rfc8 17. Qe4 Qc6 18. Bf3 e6 19. h4 a5 20. Qe2 a4 21. Ne4 a3 22. bxa3 c3 23. Nd6 Rc7 24. h5 Nc4 25. hxg6 hxg6 26. Ne4 Qb6 27. Nf6+ Bxf6 28. exf6 Qxd4 29. Bg5 Qe5 30. Qxe5 Nxe5 31. Bxd5 exd5 32. Bf4 Re8 33. Rfe1 c2 34. Bxe5 Rxe5 35. Rxe5 d4 36. Rd5 c1Q+ 37. Rxc1 Rxc1+ 38. Kh2 Ra1 39. Rd8+ Kh7 40. Rf8 Rxa3 41. Rxf7+ Kh6 42. Rd7 Rd3 43. f3 g5 44. Kh3 Kg6 45. f7 Kg7 46. Kg4 Rd2 47. g3 Rg2 48. Rxd4 Kxf7 49. Rd5 Kf6 50. Rf5+ Ke6 51. Rxg5 Kf6 52. Rf5+ Ke6 53. Rg5 Ra2 54. f4 Kf6 55. Re5 Ra1 56. Rf5+ Kg6 57. Rg5+ Kf6 58. Rb5 Kg6 59. Rb6+ Kf7 60. Kg5 Ra5+ 61. f5 Ra7 62. g4 Kg7 63. Rc6 Rb7 64. Ra6 Rc7 65. Kh5 Rc1 66. Ra7+ Kf6 67. Ra6+ Kg7 68. Rg6+ Kh7 69. Kg5 Rc7 70. Re6 Kg7 71. f6+ Kf8 72. Kg6 Rc8 73. Ra6 Rb8 74. g5 Kg8 75. Ra7 Kh8 76. Rh7+ Kg8 77. f7+ Kf8 78. Rh8+ 1-0

[Event "Titled Tuesday intern op 09th Aug Early"]
[Site "Chess.com INT"]
[Date "2022.08.09"]
[Round "10"]
[White "Maiorov, Nikita"]
[Black "Samunenkov, Igor"]
[Result "0-1"]
[WhiteElo "2464"]
[BlackElo "2454"]
[PlyCount "76"]
[EventDate "2022.08.09"]
[EventType "swiss (blitz)"]
[EventRounds "11"]
[EventCountry "USA"]
[SourceTitle "EXT 2023"]
[Source "ChessBase"]
[SourceDate "2022.10.05"]
[SourceVersion "1"]
[SourceVersionDate "2022.10.05"]
[SourceQuality "1"]

1. d4 d5 2. c4 c6 3. Nc3 Nf6 4. e3 e6 5. Nf3 Nbd7 6. Qc2 Bd6 7. Be2 0-0 8. 0-0 dxc4 9. Bxc4 a6 10. Rd1 b5 11. Bd3 Qc7 12. Bd2 Bb7 13. b4 a5 14. a3 e5 15. Rab1 exd4 16. exd4 axb4 17. axb4 h6 18. Ne2 Nb6 19. Ng3 Nbd5 20. Nf5 Bf4 21. Bxf4 Nxf4 22. Bxb5 Ra3 23. Ne3 N6d5 24. Nxd5 Nxd5 25. Bd3 Nc3 26. Qb2 Nxb1 27. Bxb1 Raa8 28. Qc2 g6 29. Ne5 Rad8 30. Ba2 Kh8 31. Qc1 Kg7 32. Ng4 g5 33. d5 Qf4 34. Qc3+ f6 35. h3 cxd5 36. g3 d4 37. Qc4 Qf3 38. Qc5 Qg2# 0-1

[Event "Titled Tuesday intern op 12th Jul Early"]
[Site "Chess.com INT"]
[Date "2022.07.12"]
[Round "6"]
[White "Leiva Rodriguez, Jeammarco Giuseppe"]
[Black "Maiorov, Nikita"]
[Result "1-0"]
[WhiteElo "2389"]
[BlackElo "2474"]
[PlyCount "87"]
[EventDate "2022.07.12"]
[EventType "swiss (blitz)"]
[EventRounds "11"]
[EventCountry "USA"]
[SourceTitle "EXT 2023"]
[Source "ChessBase"]
[SourceDate "2022.10.05"]
[SourceVersion "1"]
[SourceVersionDate "2022.10.05"]
[SourceQuality "1"]

1. e4 c6 2. d4 d5 3. e5 Bf5 4. Nf3 e6 5. Be2 Nd7 6. 0-0 h6 7. a4 Ne7 8. a5 Bh7 9. a6 b6 10. c4 dxc4 11. Bxc4 Nd5 12. Nc3 Nb4 13. Be3 Be7 14. Nd2 0-0 15. Nde4 b5 16. Bb3 Nb6 17. Qg4 Kh8 18. Nc5 Nc4 19. N3e4 Nd5 20. Bxc4 bxc4 21. Bd2 Bxe4 22. Qxe4 Rb8 23. Ba5 Qc8 24. Nb7 Rxb7 25. axb7 Qxb7 26. Qc2 Rb8 27. Qxc4 Qxb2 28. g3 Qb5 29. Qc2 Rc8 30. Rfb1 Qa6 31. Bd8 Ba3 32. Rb3 Rxd8 33. Rbxa3 Qb5 34. Rxa7 Kg8 35. Ra8 Qb6 36. Rxd8+ Qxd8 37. Qxc6 Kh7 38. Ra8 Qg5 39. Qc2+ g6 40. Ra7 Kg7 41. Ra8 Nf4 42. h4 Qg4 43. Qc8 Qd1+ 44. Kh2 1-0

[Event "Titled Tuesday intern op 12th Jul Early"]
[Site "Chess.com INT"]
[Date "2022.07.12"]
[Round "7"]
[White "Maiorov, Nikita"]
[Black "Kanyamarala, Tarun"]
[Result "1-0"]
[WhiteElo "2474"]
[BlackElo "2379"]
[PlyCount "47"]
[EventDate "2022.07.12"]
[EventType "swiss (blitz)"]
[EventRounds "11"]
[EventCountry "USA"]
[SourceTitle "EXT 2023"]
[Source "ChessBase"]
[SourceDate "2022.10.05"]
[SourceVersion "1"]
[SourceVersionDate "2022.10.05"]
[SourceQuality "1"]

1. d4 Nf6 2. c4 Nc6 3. Nf3 e6 4. g3 Bb4+ 5. Bd2 Qe7 6. Bg2 0-0 7. 0-0 Bxd2 8. Nbxd2 d6 9. e4 e5 10. d5 Nb8 11. b4 a5 12. a3 Ne8 13. Qb3 g6 14. Rac1 f5 15. c5 Nd7 16. Qc3 f4 17. Bh3 Ndf6 18. Bxc8 Rxc8 19. cxd6 Nxd6 20. Rfe1 axb4 21. axb4 Ng4 22. h3 fxg3 23. fxg3 Nb5 24. Qd3 1-0

[Event "Titled Tuesday intern op 12th Jul Early"]
[Site "Chess.com INT"]
[Date "2022.07.12"]
[Round "4"]
[White "Maiorov, Nikita"]
[Black "Mikhailovsky, Vladimir"]
[Result "1-0"]
[WhiteElo "2474"]
[BlackElo "2215"]
[PlyCount "45"]
[EventDate "2022.07.12"]
[EventType "swiss (blitz)"]
[EventRounds "11"]
[EventCountry "USA"]
[SourceTitle "EXT 2023"]
[Source "ChessBase"]
[SourceDate "2022.10.05"]
[SourceVersion "1"]
[SourceVersionDate "2022.10.05"]
[SourceQuality "1"]

1. d4 d6 2. g3 e5 3. dxe5 dxe5 4. Qxd8+ Kxd8 5. Nc3 c6 6. f4 exf4 7. Bxf4 Be6 8. Nf3 Bb4 9. Ng5 Bc4 10. 0-0-0+ Ke7 11. Rd4 Bxc3 12. Rxc4 f6 13. Rxc3 fxg5 14. Bxg5+ Nf6 15. Rb3 b6 16. Bg2 Rc8 17. Re3+ Kf7 18. Bxf6 gxf6 19. Rd1 Rc7 20. Rd6 Nd7 21. Bxc6 Rd8 22. Red3 Ke7 23. Bxd7 1-0

[Event "Viljandi Raud Memorial 56th"]
[Site "Viljandi"]
[Date "2022.07.10"]
[Round "9"]
[White "Maiorov, Nikita"]
[Black "Kulaots, Kaido"]
[Result "1/2-1/2"]
[WhiteElo "2474"]
[BlackElo "2543"]
[PlyCount "68"]
[EventDate "2022.07.03"]
[EventType "swiss"]
[EventRounds "9"]
[EventCountry "EST"]
[SourceTitle "CBM 209 Extra"]
[Source "ChessBase"]
[SourceDate "2022.09.30"]
[SourceVersion "1"]
[SourceVersionDate "2022.09.30"]
[SourceQuality "1"]

1. d4 Nf6 2. c4 e6 3. Nc3 Bb4 4. Qc2 0-0 5. a3 Bxc3+ 6. Qxc3 d5 7. Nf3 dxc4 8. Qxc4 b6 9. Bg5 c5 10. dxc5 bxc5 11. Qc2 h6 12. Bxf6 Qxf6 13. e3 Nd7 14. Be2 Rb8 15. Rb1 Bb7 16. 0-0 Ne5 17. Nd2 Qg5 18. g3 Rfd8 19. Rfd1 Ng4 20. Nc4 h5 21. Rxd8+ Rxd8 22. Rd1 Rxd1+ 23. Qxd1 Bd5 24. h3 Nf6 25. Nd2 Qf5 26. Qa4 Qe5 27. Qc2 Bb7 28. Bf3 Bxf3 29. Nxf3 Qd5 30. Nd2 Nd7 31. Nc4 Nb6 32. Nd2 Nd7 33. Nc4 Nb6 34. Nd2 Nd7 1/2-1/2

[Event "Viljandi Raud Memorial 56th"]
[Site "Viljandi"]
[Date "2022.07.07"]
[Round "6"]
[White "Maiorov, Nikita"]
[Black "Kiik, Kalle"]
[Result "1-0"]
[WhiteElo "2474"]
[BlackElo "2365"]
[PlyCount "83"]
[EventDate "2022.07.03"]
[EventType "swiss"]
[EventRounds "9"]
[EventCountry "EST"]
[SourceTitle "CBM 209 Extra"]
[Source "ChessBase"]
[SourceDate "2022.09.30"]
[SourceVersion "1"]
[SourceVersionDate "2022.09.30"]
[SourceQuality "1"]

1. d4 e6 2. c4 Bb4+ 3. Bd2 a5 4. a3 Bxd2+ 5. Qxd2 Nf6 6. Nc3 d6 7. Nf3 Nbd7 8. Rd1 0-0 9. g3 d5 10. Ne5 c6 11. Bg2 Nxe5 12. dxe5 Nd7 13. f4 Qb6 14. e3 Qc5 15. cxd5 exd5 16. e4 Re8 17. Qf2 Qxf2+ 18. Kxf2 dxe4 19. Nxe4 Nf8 20. Nd6 Re7 21. Rhe1 Be6 22. Re3 a4 23. Rd4 Rd7 24. Rb4 Ra7 25. Ree4 Bb3 26. Bh3 Rc7 27. Rb6 Be6 28. Bxe6 Nxe6 29. Rc4 g6 30. g4 Rd7 31. f5 Nd8 32. Rbb4 b5 33. Rc2 Kf8 34. Rd4 Rac7 35. Ke3 Re7 36. Ne4 Red7 37. Rcd2 Rxd4 38. Rxd4 Nb7 39. Kf4 h6 40. h4 Ke7 41. f6+ Ke6 42. Nc5+ 1-0

[Event "Viljandi Raud Memorial 56th"]
[Site "Viljandi"]
[Date "2022.07.05"]
[Round "4"]
[White "Sakalauskas, Vaidas"]
[Black "Maiorov, Nikita"]
[Result "1/2-1/2"]
[WhiteElo "2327"]
[BlackElo "2474"]
[PlyCount "29"]
[EventDate "2022.07.03"]
[EventType "swiss"]
[EventRounds "9"]
[EventCountry "EST"]
[SourceTitle "CBM 209 Extra"]
[Source "ChessBase"]
[SourceDate "2022.09.30"]
[SourceVersion "1"]
[SourceVersionDate "2022.09.30"]
[SourceQuality "1"]

1. d4 Nf6 2. c4 e6 3. Nc3 d5 4. cxd5 exd5 5. Bg5 Be7 6. e3 c6 7. Bd3 Nbd7 8. Nf3 0-0 9. Qc2 Re8 10. 0-0 Nf8 11. h3 Be6 12. Ne5 N6d7 13. Bxe7 Rxe7 14. f4 f6 15. Nf3 1/2-1/2